| 000 | 00727nam a2200217 a 4500 | ||
|---|---|---|---|
| 005 | 20140412111238.0 | ||
| 008 | 010531s19uu xx 00 eng d | ||
| 020 | _a0-553-15575-X | ||
| 050 |
_aER _bDo65 1987 |
||
| 100 | _aSchmidt, Karen | ||
| 245 |
_aDown by the station / _cillustrated by Karen Schmidt. |
||
| 260 |
_aNew York : _bBantam Books, _c1987. |
||
| 300 | _a1v. (unp.) ; ill. | ||
| 440 | _aA Bantam Sing-A-Story | ||
| 500 | _a"Based on a children's folk song" | ||
| 520 | _aCome along with ten little trains on a fun journey up and down the mountain, through the tunnel, into town, all around-back home again. | ||
| 650 | _aTrain-Stories | ||
| 650 | _aTrains-Fiction | ||
| 999 |
_c102584 _d102584 |
||